El origen de las especies
Guardat en:
| Autor principal: | |
|---|---|
| Format: | Llibre |
| Idioma: | espanyol |
| Publicat: |
Madrid
Espasa Calpe
2009
|
| Edició: | 10a. ed |
| Col·lecció: | Colección Austral
|
| Matèries: | |
| Etiquetes: |
Afegir etiqueta
Sense etiquetes, Sigues el primer a etiquetar aquest registre!
|
MARC
| LEADER | 00000nam a2200000 a 4500 | ||
|---|---|---|---|
| 001 | UCG2221 | ||
| 003 | CL-VaPUC | ||
| 008 | 100624e20090609SP |||||||||||||||||spa|d | ||
| 020 | |a 9788467029154 | ||
| 082 | 0 | 4 | |a 576.82 |b DAR |2 21 |
| 100 | |a Darwin Charles |e author |9 398 | ||
| 245 | 1 | 3 | |a El origen de las especies |
| 250 | |a 10a. ed | ||
| 300 | |a 695 p | ||
| 942 | |c BK | ||
| 945 | |d 20100624 00:00:00 |a dcastane | ||
| 260 | |a Madrid |b Espasa Calpe |c 2009 | ||
| 650 | 7 | |a GENETICA Y EVOLUCION |2 CL-VaPUC |9 550612 | |
| 650 | 7 | |a SELECCION NATURAL |2 CL-VaPUC |9 261742 | |
| 650 | 7 | |a EVOLUCION DE LAS ESPECIES |2 CL-VaPUC |9 550613 | |
| 583 | |a last modification |c 20100624 00:00:00 |k Rodrigo Vera | ||
| 490 | 0 | |a Colección Austral | |
| 999 | |c 341450 |d 341448 | ||
| 952 | |0 0 |1 0 |4 0 |6 576_820000000000000_DAR_2009 |7 0 |8 C |9 436959 |a BIBCUR |b BIBCUR |d 2019-11-22 |i 4668618 |l 3 |m 2 |o 576.82 DAR 2009 |p 4668618 |r 2025-04-22 |s 2022-05-24 |w 2019-11-22 |y BK |k EXP | ||